00417 a2200133 4500020001100000035001200011037004600023082000800069100001600077245011200093250001200205260003200217300003400249 c589.00 aB-78867 bRP-ZLS-1714 / UBH-03-04:18 / RP-03-04:ENG14a5101 aArora, O.P.1 aObjective mathematicsbincluding topics & model test papers as per non AIEEE style & syllbuscby O.P. Arora a35th ed aJalandharbS. Dineshc2003r aVarious pagingsc24 cm (pbk)